00486 a2200157 4500010001400000020002300014035001300037037001800050082000800068100001500076245003300091260004900124270008500173300003000258500004000288 aENG-85829 a8131301559c295.00 aEN-69362 bD.B.Act / Pub14a4801 aSarada, M.1 aSpoken englishcby M. Sarada aNew DelhibAPH Publishing Corporatioonc2007 a5, Ansari Road, Darya GanjbNew Delhie110 002k011- 23274050maphbooks@vsnl.net axiv, 186 p.b22 cm ( Hb.) aIncludes bibliograpgical refrences